000
00322nam a2200121Ia 4500
999
_c
233
_d
233
008
200302s9999 xx 000 0 und d
100
_a
O. H. Koenigsberger & Others
245
_a
Manual of Tropical Housing and Building Climatic Design
260
_b
Orient Longman Ltd.
260
_c
1975
300
_a
320 P.,
942
_2
ddc